Ferments and their actions /

Bibliographic Details
Main Author: Oppenheimer, Carl, 1874-1941
Other Authors: Mitchell, C. Ainsworth (Charles Ainsworth), 1867-
Format: Book
Language:English
German
Published: London : C. Griffin & company, limited, 1901.
Subjects:

MARC

Tag First Indicator Second Indicator Subfields
LEADER 00000cam a2200000 4500
001 in00000043355
005 20151007072803.0
008 800606s1901 enk b 00010 eng
010 |a  02025175  
035 |a (OCoLC)06396350 
035 |9 AAE8555AM 
040 |a DLC  |c TXA  |d UtOrBLW 
041 1 |a eng  |a ger 
049 |a TXAM  |c [101497] 
050 0 |a QP601  |b .O62 
092 |a 581.193  |b O62f 
100 1 |a Oppenheimer, Carl,  |d 1874-1941. 
245 1 0 |a Ferments and their actions /  |c By Carl Oppenheimer ... Tr. from the German by C. Ainsworth Mitchell ... 
264 1 |a London :  |b C. Griffin & company, limited,  |c 1901. 
300 |a xii, 343 pages ;  |c 20 cm. 
336 |a text  |b txt  |2 rdacontent 
337 |a unmediated  |b n  |2 rdamedia 
338 |a volume  |b nc  |2 rdacarrier 
504 |a Systematic bibliography: pages 305-328. 
650 0 |a Fermentation. 
700 1 |a Mitchell, C. Ainsworth  |q (Charles Ainsworth),  |d 1867- 
999 |a MARS 
999 f f |s 2140e36e-9174-3448-9e74-5a0d62666c5e  |i 4b0ac986-933e-3ce9-a586-3c84aafc491f  |t 0 
952 f f |p ric  |a Texas A&M University  |b Rellis Campus  |c Joint Library Facility  |d Remote Storage  |t 0  |e QP601 .O62  |h Library of Congress classification  |i unmediated -- volume  |m A14800988988 
998 f f |a QP601 .O62  |t 0  |l Remote Storage